000 00605cam a22002173a 4500
001 44899
003 PGUSA
005 20140828084026.0
008 140214s2014||||xxu|||||s|||||000 | eng d
040 _aPGUSA
_beng
042 _adc
100 1 _aDickens, Charles,
_d1812-1870
245 1 0 _aKotisirkka
_h[electronic resource] /
_cCharles Dickens
260 _bProject Gutenberg,
_c2014
506 _aPublic domain in the USA.
516 _aElectronic text
700 1 _aAspelin-Haapkylä, Eliel
830 0 _aProject Gutenberg
_v44899
856 4 0 _uhttp://www.gutenberg.org/ebooks/44899
942 _cEB
999 _c274150
_d274150